Learning to teach

Bewaard in:
Bibliografische gegevens
Hoofdauteur: GLAZZARD, Jonathan Denby, Neil Price, Jayne
Formaat: Boek
Taal:Engels
Gepubliceerd in: Open University Press 2014
Tags: Voeg label toe
Geen labels, Wees de eerste die dit record labelt!

MARC

LEADER 00000nam a22000007a 4500
008 201216b ||||| |||| 00| 0 eng d
020 |a 978-0-335-26328-8 
100 |a GLAZZARD, Jonathan  |a Denby, Neil   |a Price, Jayne  
245 |a Learning to teach  |c Jonathan Glazzard, Neil Denby [and] Jayne Price  |g viii, 148p.; ill. 
260 |b Open University Press  |c 2014  |h Berkshire, England  |i 689705   |i 689706  |l LB1025.2 .G46  |m Teaching 
500 |a It includes bibliographical references and index 
942 |a lcc  |c BK  |e Kuteyi, M. A.  |f 15/12/2020 
952 |0 0  |1 0  |2 lcc  |4 0  |6 LB10252 G46  |7 0  |9 611  |a HOL  |b ED  |c LP  |d 2020-12-16  |l 0  |o LB1025.2 .G46  |p 2020-22930  |r 2020-12-16 00:00:00  |w 2020-12-16  |y BK 
952 |0 0  |1 0  |2 lcc  |4 0  |6 LB10252 G46  |7 0  |9 612  |a HOL  |b HOL  |c LP  |d 2020-12-16  |l 0  |o LB1025.2 .G46  |p 2020-22931  |r 2020-12-16 00:00:00  |w 2020-12-16  |y BK 
999 |c 344  |d 344